| 000 | 00980nam a22003137a 4500 | ||
|---|---|---|---|
| 003 | OSt | ||
| 005 | 20241211133822.0 | ||
| 008 | 241211b |||||||| |||| 00| 0 eng d | ||
| 040 | _cSTCPL | ||
| 041 | _aENG | ||
| 082 |
_a519 _bMEE-G |
||
| 100 | _aMeenu Jose | ||
| 110 | _aGuided by Dr Lishamol Tomy | ||
| 111 | _aDept. of Statistics, St. Thomas College Palai, Mahatma Gandhi University, Kottayam | ||
| 245 |
_aGeneralised versions of exponential distribution and T-X family: _bStatistical modeling and applications / _cby Meenu Jose |
||
| 260 |
_aPala: _cMarch 2024 |
||
| 300 |
_a208 p. _bHB |
||
| 650 | _aStatistics | ||
| 650 | _aExponential distribution | ||
| 650 | _aT-X family | ||
| 650 | _aAutoregressive process | ||
| 650 | _aCircular distribution | ||
| 650 | _aLindley distribution | ||
| 650 | _aMinification process | ||
| 650 | _aSimulation study | ||
| 650 | _aTime series modeling and analysis | ||
| 942 | _cTHE | ||
| 942 |
_2ddc _n0 |
||
| 999 |
_c83953 _d83953 |
||